000
00274nam a2200109Ia 4500
005
20251222143210.0
008
251222s9999||||xx |||||||||||||| ||spa||
082
_a
372.7/C46
245
0
_a
Guía Metodológica para el Docente:
264
_b
Fondo Editorial UCSS
942
_c
LIB
999
_c
13401
_d
13401